Du mot de passe au mot d’arrêt. Considérations sur l’actualité du schibboleth (notice n° 1605429)
[ vue normale ]
| 000 -LEADER | |
|---|---|
| fixed length control field | 01897cam a2200181 4500500 |
| 005 - DATE AND TIME OF LATEST TRANSACTION | |
| control field | 20251228095032.0 |
| 041 ## - LANGUAGE CODE | |
| Language code of text/sound track or separate title | fre |
| 042 ## - AUTHENTICATION CODE | |
| Authentication code | dc |
| 100 10 - MAIN ENTRY--PERSONAL NAME | |
| Personal name | Bouit, Delphine |
| Relator term | author |
| 245 00 - TITLE STATEMENT | |
| Title | Du mot de passe au mot d’arrêt. Considérations sur l’actualité du schibboleth |
| 260 ## - PUBLICATION, DISTRIBUTION, ETC. | |
| Date of publication, distribution, etc. | 2017.<br/> |
| 500 ## - GENERAL NOTE | |
| General note | 93 |
| 520 ## - SUMMARY, ETC. | |
| Summary, etc. | À quoi servent les mots de passe, qui se multiplient tant dans notre vie quotidienne qu’un carnet à mots de passe a pu être créé ? Après avoir revisité ce qui caractérise le schibboleth, le mot de passe par excellence, dans les différents champs existentiels, nous sommes amenés à conclure que ces mots-là sont des mots d’arrêt. Ils ne permettent aucun passage et ne recèlent en rien le secret du schibboleth qui est le secret de la rencontre et de l’alliance. |
| 520 ## - SUMMARY, ETC. | |
| Summary, etc. | What are passwords for? Their number has been increasing so much in our daily lives that a password notebook has even been created to stock them. After going over the main features that the schibboleth – the password per se – has taken on in various existential domains, we have reached the conclusion that passwords are words that obstruct. They do not allow any passage and do not in the least contain the secret of the schibboleth, which has to do with encounters and alliances. |
| 520 ## - SUMMARY, ETC. | |
| Summary, etc. | Para que servem as palavras-passes que ritmam o nosso quotidiano, tão numerosas que até se chegou a criar um caderno de palavras-passe? Depois de se definir o schibboleth, palavra-passe por excelência, nos diversos campos da existência, somos levados a concluir que estas palavras não permitem qualquer passagem e que em nada revelam o segredo do schibboleth, segredo do encontro e da aliança. |
| 786 0# - DATA SOURCE ENTRY | |
| Note | Sigila | 40 | 2 | 2017-12-03 | p. 51-62 | 1286-1715 |
| 856 41 - ELECTRONIC LOCATION AND ACCESS | |
| Uniform Resource Identifier | <a href="https://shs.cairn.info/revue-sigila-2017-2-page-51?lang=fr&redirect-ssocas=7080">https://shs.cairn.info/revue-sigila-2017-2-page-51?lang=fr&redirect-ssocas=7080</a> |
Pas d'exemplaire disponible.




Réseaux sociaux